Hrajeme na klavír podle akordových značek

Hlavní autor: Hradecký, Emil, 1953-
Jazyk: Nelze použít, není lingvistický obsah
Vydáno: Petřvald : Blesk Market, 2011
Vydání: 2. vyd.
Témata:
Fyzický popis: 91 s. ; 30 cm
Hudebniny Hudebniny
Uloženo v:
LEADER 01945ncm a2200493 a 4500
001 nkc20112252794
003 CZ PrNK
005 20260324110745.0
007 qu
008 111110s2011 xr zzz g nn zxx
015 |a cnb002252794 
024 2 |a 979-0-66065-149-0  |q (v hudebnině neuvedeno ;  |q kroužková vazba)  |z 979-0-706544-00-7 
028 2 1 |a BM001  |b Blesk Market 
040 |a BOA001  |b cze 
043 |a e-xr--- 
045 |a x-y- 
048 |a ka01 
072 7 |a 786  |x Hudba pro klávesové nástroje  |2 Konspekt  |9 9 
072 7 |a 37.016  |x Učební osnovy. Vyučovací předměty. Učebnice  |2 Konspekt  |9 22 
080 |a 780.616.433.02  |2 MRF 
080 |a 78.089.6  |2 MRF 
080 |a (075)78  |2 MRF 
100 1 |a Hradecký, Emil,  |d 1953-  |7 jn20000401065  |4 aut 
245 1 0 |a Hrajeme na klavír podle akordových značek  |h [hudebnina] /  |c Emil Hradecký 
250 |a 2. vyd. 
260 |a Petřvald :  |b Blesk Market,  |c 2011 
300 |a 91 s. ;  |c 30 cm 
382 0 1 |a klavír  |n 1  |s 1 
500 |a Samba, rumba, tango, beguine, slow-rock, blues, ragtime, boogie, foxtrot, slowfox, rokenrol, waltz, cha-cha, polka, valčík 
500 |a Doporučeno MŠMT ČR pro SPgŠ 
648 7 |a 20.-21. století  |7 ch462155  |2 czenas 
650 0 7 |a hra na klavír  |7 ph135165  |z Česko  |y 20.-21. století  |2 czenas 
650 0 9 |a piano playing  |z Czechia  |y 20th-21st centuries  |2 eczenas 
655 7 |a partitury pro sólový nástroj  |7 fd201979  |2 czenas 
655 7 |a učebnice hudebních škol  |7 fd201986  |2 czenas 
655 9 |a scores for solo instrument  |2 eczenas 
655 9 |a textbooks (music schools)  |2 eczenas 
910 2 |a BOA001  |b Mus4-1276.042 
990 |a MU 
995 |a 01 
991 |b 201112  |c NOV 
925 |a klavír  |b Pf 
996 6 |b 2610494388  |c Mus4-1276.042  |l MZK  |r Sklad / do 1 hodiny  |n 1  |p p.v.  |w 001216744  |u 000010  |a 1  |e BOA001  |j MZK50  |s P 
996 7 |b 2610503767  |c Mus4-1276.042  |l MZK  |r Sklad / do 1 hodiny  |n 20  |p kup  |w 001216744  |u 000020  |a 1  |e BOA001  |j MZK50  |s A